Personnages de séries - T - Statistiques

Statistiques générales
  • Ce quiz a été pris 132 fois
  • Le résultat moyen est 5 sur 16
Statistiques - réponses
Par images Réponse % Correct
Tom Scavo
73%
Thomas Shelby
71%
Tyrion Lannister
55%
Theodore Bagwell (T-Bag)
42%
Tyler Lockwood
42%
Ted Mosby
40%
Toby Cavanaugh
40%
Theon Greyjoy
35%
Tori Vega
27%
Trixie Espinoza
24%
Terry Jeffords
23%
Tag Jones
13%
Tahani Al-Jamil
9%
Tully Hart
4%
Tabitha Foster
3%
Tasha Jefferson
3%
Aucun quiz correspondant
Distribution des résultats
% des personnes avec chaque résultat
Percentile par nombre de réponses
Votre historique - résultats
Vous n’avez pas pris ce quiz